| 000 | 01796nam a22003137a 4500 | ||
|---|---|---|---|
| 001 | 8568 | ||
| 003 | FISKH | ||
| 005 | 20250930113626.0 | ||
| 008 | 250930b cb ||||| |||| 00| 0 eng d | ||
| 020 | _a9789996301544 | ||
| 040 |
_aFISKH _bkhr _cFISKH _dFISKH |
||
| 050 | _aPZ7 | ||
| 082 | _a590 | ||
| 100 | _aSotheary, Kimsun | ||
| 245 |
_aខ្លាធំ និង សេក : _bTiger and parrot / _cរៀបរៀងដោយ អ្នកស្រី គឹមស៊ុន សុធារី |
||
| 260 |
_aPhnom Penh : _bReading Books , _c2012. |
||
| 300 |
_a20 pages : _bcolor illustrations ; _c25 cm . |
||
| 490 | _aពិភពរឿងនិទាន | ||
| 505 | _aJ | ||
| 520 | _aរឿងនេះមានបំណងផ្ដល់ដំបូន្មានដល់កុមារឲ្យប្រព្រឹត្តអំពើល្អ ស្រឡាញ់ និងយល់អាស្រ័យគ្នាទៅវិញទៅមក មិនគួរប្រព្រឹត្តអំពើអាក្រក់ចំពោះអ្នកដែលបានជួយសង្រ្គោះជីវិតរបស់ខ្លួន និងគួរជួយគ្នាក្នុងពេលត្រូវការជំនួយ។ | ||
| 520 | _aThis story is intended to advise children to do good deeds, love and understand with one another , not to treat badly to anyone who has saved them and help each other when they are in need . | ||
| 521 | 8 |
_a500
_bLexile estimate |
|
| 521 | 8 |
_aJ
_bRaz-Plus |
|
| 650 |
_aខ្លាធំនិងសេក _vរឿងនិទានកុមារ |
||
| 650 |
_aTiger and parrot _vChildren's stories |
||
| 700 |
_aU, May _eIllustrator |
||
| 942 |
_2ddc _cKHB _n0 |
||
| 999 |
_c8568 _d8568 |
||